Od poznania k činu

Bibliographic Details
Main Author: Polák, Milan, 1932-2022 (Author)
Format: Article
Language:Slovak
PhysicalDescription:Obr. 1.
Subjects:

MARC

LEADER 00000nab a2200000 a 4500
001 vtls000254016
003 SK-MaSNL
005 20260304070340.0
008 250423c1986 xo 0 slo
015 |a SNBRB19rr/mm-uuuuu 
035 |a CL0264130 
035 |a urn:nbn:sk:snk-ab1cdn 
035 |a (urnnbn)urn:nbn:sk:snk:ar-001y7f 
035 |a (uuid)d2b04f96-4a34-4a10-bb23-234a152e9d6f 
040 |a SNKBUCL  |b slo  |c SNKBUCL  |e AACR2 
041 0 |a slo 
044 |a xo  |c SK 
080 |a 792.2  |2 1981 
100 1 |a Polák, Milan,  |d 1932-2022  |4 aut  |9 102381 
245 1 0 |a Od poznania k činu  |c Milan Polák 
300 |b Obr. 1. 
500 |a Réžia Juraj Svoboda 
600 1 7 |a Zahradník, Osvald,  |d 1932-2017  |t Post scriptum  |2 snkbucl  |9 87219 
610 2 7 |a Štátne divadlo Košice.  |b Činohra  |2 snkbucl  |9 125502 
650 0 7 |a činohry  |2 snkbucl  |9 3325 
655 7 |a recenzie  |2 snkbucl  |9 21907 
655 7 |a články z novín a časopisov  |2 snkbucl  |9 267496 
773 0 |t Film a divadlo  |g Roč. 30, č. 14 (1986), s. 11 
850 |a Slovenská národná knižnica 
852 |a Slovenská národná knižnica 
954 |a odborná, vedecká literatúra pôvodná (slovenská)  |2 lita 
958 |a article27 
958 |a OND 
958 |a EUIPO 
992 |a RBX 
999 |c 2755352  |d 2757282